Zawodnicy reprezentacji Polski 23/24 - Statystyki

Ogólne statystyki
  • Ten quiz został rozwiązany 47 razy
  • Średni wynik to 29 z 47
Statystyki odpowiedzi
Pozycja Klub Zawodnik % Poprawnych
BR FC Barcelona Wojciech Szczęsny
98%
ŚO FC Arsenal Jakub Kiwior
95%
BR OGC Nice Marcin Bułka
93%
ŚO Southampton Jan Bednarek
91%
N FC Barcelona Robert Lewandowski
91%
BR FC Bologna Łukasz Skorupski
86%
N Juventus Turyn Arkadiusz Milik
84%
ŚPD AEK Ateny Damian Szymański
84%
ŚP Inter Mediolan Piotr Zieliński
84%
ŚPO Fenerbahe Sebastian Szymański
84%
N Basaksehir FK Krzysztof Piątek
81%
BR Panathinaikos FC Bartłomiej Drągowski
79%
LS Pogoń Szczecin Kamil Grosicki
79%
PO Aston Villa Matty Cash
79%
LP Inter Mediolan Nicola Zalewski
77%
ŚO Hellas Verona Paweł Dawidowicz
74%
LO Plymouth Argyle Tymoteusz Puchacz
74%
ŚO Lech Poznań Bartosz Salamon
72%
ŚP Ludogorets Razgrad Jakub Piotrowski
72%
PO UC Sampdoria Bartosz Bereszyński
70%
LS VfL Wolfsburg Jakub Kamiński
70%
N Panathinaikos FC Karol Świderski
70%
PO Galatasaray Przemysław Frankowski
70%
N FC Midtjylland Adam Buksa
67%
ŚPD Atlanta United FC Bartosz Slisz
63%
ŚP Torino FC Karol Linetty
60%
PS FC Brugge Michał Skóraś
58%
ŚO Torino FC Sebastian Walukiewicz
58%
PS Koniec Kariery Jakub Błaszczykowski
53%
PO FC Augsburg Robert Gumny
53%
ŚO PAOK Saloniki Tomasz Kędziora
53%
ŚPD Anorthosis Famagusta Grzegorz Krychowiak
51%
ŚO SS Juve Stabia Patryk Peda
49%
ŚO PAOK Saloniki Mateusz Wieteska
47%
ŚO SC Heerenveen Paweł Bochniewicz
47%
PO Legia Warszawa Paweł Wszołek
47%
ŚO Birmingham City Krystian Bielik
44%
ŚP Hertha BSC Michał Karbownik
44%
ŚPO Gaziantep FK Kacper Kozłowski
37%
ŚPD Piast Gliwice Patryk Dziczek
37%
ŚO Spezia Calcio Przemysław Wiśniewski
37%
ŚPD Raków Częstochowa Ben Lederman
33%
ŚPO US Lecce Filip Marchwiński
33%
LO Hannover 96 Bartłomiej Wdowik
28%
ŚP Aris Limassol Karol Struski
28%
LS Parma Calcio 1913 Adrian Benedyczak
26%
ŚPD Yverdon Sport FC Mateusz Legowski
21%
Nie znaleziono quizów pasujących do podanych kryteriów
Rozkład punktacji
Procent ludzi z każdym wynikiem
Percentyl według liczby udzielonych odpowiedzi
Twoja historia wyników
Nie rozwiązałeś tego quizu